Question bank in chemistry : (Record no. 14561)

MARC details
000 -LEADER
fixed length control field 00935nam a22002777a 4500
003 - CONTROL NUMBER IDENTIFIER
control field dpl
005 - DATE AND TIME OF LATEST TRANSACTION
control field 20080711111158.0
006 - FIXED-LENGTH DATA ELEMENTS--ADDITIONAL MATERIAL CHARACTERISTICS--GENERAL INFORMATION
fixed length control field a|||||r|||||00| 0
008 - FIXED-LENGTH DATA ELEMENTS--GENERAL INFORMATION
fixed length control field 080711t xxu||||| |||| 00| 0 eng d
010 ## - LIBRARY OF CONGRESS CONTROL NUMBER
LC control number ENG-90584
020 ## - INTERNATIONAL STANDARD BOOK NUMBER
International Standard Book Number 0070221944
Terms of availability 275.00
035 ## - SYSTEM CONTROL NUMBER
System control number EN-74117
037 ## - SOURCE OF ACQUISITION
Source of stock number/acquisition DBAD / PUB
040 ## - CATALOGING SOURCE
Original cataloging agency DPL
Language of cataloging EN
082 ## - DEWEY DECIMAL CLASSIFICATION NUMBER
Classification number 540
100 ## - MAIN ENTRY--PERSONAL NAME
Personal name Dhawan, Prem
9 (RLIN) 10
245 ## - TITLE STATEMENT
Title Question bank in chemistry :
Statement of responsibility, etc by Prem Dhawan [and] Vandana Dhawan
Remainder of title for class XI /
250 ## - EDITION STATEMENT
Edition statement 5th ed
260 ## - PUBLICATION, DISTRIBUTION, ETC. (IMPRINT)
Place of publication, distribution, etc New Delhi
Name of publisher, distributor, etc Tata McGraw-Hill Publishing
Date of publication, distribution, etc 2008
270 ## - ADDRESS
Address 7 West Patel Nagar
City New Delhi
Postal code 110008
300 ## - PHYSICAL DESCRIPTION
Extent x, 574p. :
Dimensions 24cm.(pbk)
Other physical details ill.
490 ## - SERIES STATEMENT
Series statement Tata Mcgraw-Hill's question bank series
650 ## - SUBJECT ADDED ENTRY--TOPICAL TERM
Topical term or geographic name as entry element Chemistry
942 ## - ADDED ENTRY ELEMENTS (KOHA)
Source of classification or shelving scheme Dewey Decimal Classification
Koha item type English Books
Classification part 540
Call number suffix DHA
Holdings
Withdrawn status Lost status Source of classification or shelving scheme Damaged status Not for loan Collection code Home library Current library Date acquired Source of acquisition Cost, normal purchase price Total Checkouts Full call number Barcode Date last seen Copy number Cost, replacement price Price effective from Koha item type
    Dewey Decimal Classification   Not For Loan Non-fiction D.B.Act.Division D.B.Act.Division 23/07/2008 DBAD / PUB 275.00   540 DHA EN-74117 15/09/2008 1 275.00 15/09/2008 English Books

© Delhi Public Library
Hit Counter
free hit counter